<?xml version="1.0" encoding="UTF-8"?>
<collection xmlns="http://www.loc.gov/MARC21/slim">
 <record>
  <leader>00705pam a22002058a 4500</leader>
  <controlfield tag="001">00016361</controlfield>
  <controlfield tag="005">20171026081022.0</controlfield>
  <controlfield tag="008">110407s1976                  ||||||Viesd</controlfield>
  <datafield tag="041" ind1="0" ind2="#">
   <subfield code="a">Vie</subfield>
  </datafield>
  <datafield tag="082" ind1="1" ind2="4">
   <subfield code="a">335.43</subfield>
   <subfield code="b">V000I</subfield>
  </datafield>
  <datafield tag="245" ind1="0" ind2="0">
   <subfield code="a">V.I.Lênin toàn tập</subfield>
   <subfield code="n">T.3</subfield>
   <subfield code="p">1896 - 1899</subfield>
  </datafield>
  <datafield tag="260" ind1="#" ind2="#">
   <subfield code="a">Mátxơva</subfield>
   <subfield code="b">Tiến bộ</subfield>
   <subfield code="c">1976</subfield>
  </datafield>
  <datafield tag="300" ind1="#" ind2="#">
   <subfield code="a">997 tr.</subfield>
   <subfield code="c">21 cm.</subfield>
  </datafield>
  <datafield tag="653" ind1="#" ind2="#">
   <subfield code="a">Lê nin</subfield>
   <subfield code="a">Chủ nghĩa tư bản</subfield>
   <subfield code="a">Lao động</subfield>
   <subfield code="a">Nga</subfield>
   <subfield code="a">Thị trường</subfield>
  </datafield>
  <datafield tag="852" ind1="#" ind2="#">
   <subfield code="b">Kho mượn</subfield>
   <subfield code="j">KM.0001429, KM.0001430</subfield>
  </datafield>
  <datafield tag="852" ind1="#" ind2="#">
   <subfield code="b">Kho đọc</subfield>
   <subfield code="j">KD.0001866</subfield>
  </datafield>
  <datafield tag="852" ind1="#" ind2="#">
   <subfield code="j">KM.0001429</subfield>
   <subfield code="j">KM.0001430</subfield>
   <subfield code="j">KD.0001866</subfield>
  </datafield>
  <datafield tag="910" ind1=" " ind2=" ">
   <subfield code="d">07/04/2011</subfield>
  </datafield>
  <datafield tag="980" ind1="#" ind2="#">
   <subfield code="a">Trung tâm Học liệu Lê Vũ Hùng, Trường Đại học Đồng Tháp</subfield>
  </datafield>
 </record>
</collection>
